Surveying measurements and their analysis (Record no. 94801)

MARC details
000 -LEADER
fixed length control field 00453cam a2200181 4500
001 - CONTROL NUMBER
control field D1808
008 - FIXED-LENGTH DATA ELEMENTS--GENERAL INFORMATION
fixed length control field 090401t1983 xxu||||| |||| 00| 0 eng d
035 ## - SYSTEM CONTROL NUMBER
System control number (Sirsi) u65939
041 ## - LANGUAGE CODE
Language code of text/sound track or separate title eng
050 ## - LIBRARY OF CONGRESS CALL NUMBER
Classification number 526.9028
100 ## - MAIN ENTRY--PERSONAL NAME
Personal name Buckner, R.B.
245 ## - TITLE STATEMENT
Title Surveying measurements and their analysis
260 ## - PUBLICATION, DISTRIBUTION, ETC.
Place of publication, distribution, etc. Rancho Cordova Ca
Name of publisher, distributor, etc. Landmark Enterprises
Date of publication, distribution, etc. 1983
300 ## - PHYSICAL DESCRIPTION
Extent xii. 275p. ill. 24cm
350 ## - PRICE (NR) (BK AM CF MU VM SE) [OBSOLETE]
Price 30
942 ## - ADDED ENTRY ELEMENTS (KOHA)
Suppress in OPAC 0
948 ## - LOCAL PROCESSING INFORMATION (OCLC); SERIES PART DESIGNATOR (RLIN)
c (OCLC) 04/03/1997
Holdings
Withdrawn status Lost status Source of classification or shelving scheme Damaged status Not for loan Home library Current library Shelving location Date acquired Cost, normal purchase price Total Checkouts Full call number Barcode Date last seen Copy number Cost, replacement price Price effective from Koha item type
    Dewey Decimal Classification     London London Books 14/09/1999 30.00   526.9028 30007078 06/08/2019 1 30.00 06/08/2019 Book